[Event "Tan Chin Nam Cup 7th"]
[Site "Shanghai"]
[Date "2001.07.16"]
[Round "7"]
[White "Zhang Zhong"]
[Black "Peng Xiaomin"]
[Result "1/2-1/2"]
[WhiteElo "2632"]
[BlackElo "2648"]
[PlyCount "54"]
[EventDate "2001.07.09"]
[Source "ChessBase"]
[SourceDate "2001.11.13"]

1. e4 e5 2. Nf3 Nc6 3. Bb5 a6 4. Ba4 Nf6 5. O-O Be7 6. Re1 b5 7. Bb3 d6 8. c3 O-O 9. h3 Na5 10. Bc2 c5 11. d4 Nd7 12. b3 Qc7 13. Bb2 Bf6 14. d5 Nb6 15. Nbd2 g6 16. Qe2 c4 17. Ba3 Bd7 18. Bb4 cxb3 19. axb3 Nb7 20. Bd3 Rfc8 21. Rec1 Bg7 22. Ba3 Bh6 23. Rc2 Nc5 24. Bb4 Nb7 25. Ba3 Nc5 26. Bb4 Nb7 27. Ba3 Nc5 1/2-1/2

[Event "Reggio Emilia ITA"]
[Site "Reggio Emilia ITA"]
[Date "1991.??.??"]
[Round "?"]
[White "Beliavsky, Alexander G"]
[Black "Romanishin, Oleg M"]
[Result "0-1"]
[WhiteElo "2640"]
[BlackElo "2610"]
[PlyCount "76"]
[EventDate "1991.??.??"]
[Source "www.chesslib.no"]
[SourceDate "2004.05.04"]

1. e4 e5 2. Nf3 Nc6 3. Bb5 a6 4. Ba4 Nf6 5. O-O Be7 6. Re1 b5 7. Bb3 d6 8. c3 O-O 9. h3 Na5 10. Bc2 c5 11. d4 Bb7 12. d5 Nc4 13. a4 Nb6 14. a5 Nbd7 15. b3 Bc8 16. c4 b4 17. Nbd2 g6 18. Nf1 Nh5 19. Bh6 Ng7 20. Qd2 Nf6 21. N3h2 Kh8 22. Be3 Ng8 23. g4 f5 24. exf5 gxf5 25. Ra2 Ra7 26. f4 exf4 27. Bxf4 Bf6 28. Qd3 Ne7 29. g5 Ng6 30. gxf6 Nxf4 31. Qe3 Ngh5 32. Bd1 Qxf6 33. Bxh5 Nxh5 34. Rg2 Rg7 35. Kh1 Rxg2 36. Kxg2 f4 37. Qf3 Rg8+ 38. Kh1 Qh4 0-1

[Event "Sufe Cup"]
[Site "Shanghai"]
[Date "2000.03.09"]
[Round "7"]
[White "Zhang Zhong"]
[Black "Peng Xiaomin"]
[Result "0-1"]
[WhiteElo "2611"]
[BlackElo "2624"]
[PlyCount "94"]
[EventDate "2000.03.03"]
[Source "ChessBase"]
[SourceDate "2000.05.31"]

1. e4 e5 2. Nf3 Nc6 3. Bb5 a6 4. Ba4 Nf6 5. O-O Be7 6. Re1 b5 7. Bb3 O-O 8. h3 d6 9. c3 Na5 10. Bc2 c5 11. d3 Bb7 12. Nbd2 Re8 13. Nf1 Bf8 14. Bg5 h6 15. Bh4 Be7 16. Ne3 g6 17. Qd2 h5 18. a4 c4 19. Bxf6 Bxf6 20. dxc4 bxc4 21. Rad1 Be7 22. Qe2 Qc7 23. Nd2 Rac8 24. b4 cxb3 25. Nxb3 Nc4 26. Nxc4 Qxc4 27. Na5 Qxe2 28. Rxe2 Ba8 29. Bd3 Rc5 30. Nc4 a5 31. Na3 Rxc3 32. Nb5 Rc5 33. Bc2 Bc6 34. Bb3 Rb8 35. Ba2 Kg7 36. Rb1 Bxb5 37. axb5 Rcxb5 38. Rxb5 Rxb5 39. Rc2 Bd8 40. Kf1 Bb6 41. Ke2 Bc5 42. g3 a4 43. f3 a3 44. Kd3 f6 45. Rg2 Kh6 46. Rc2 Rb4 47. Kc3 Rd4 0-1

[Event "Leningrad"]
[Site "?"]
[Date "1987.??.??"]
[Round "?"]
[White "Sokolov, A."]
[Black "Romanishin, O."]
[Result "0-1"]
[WhiteElo "2645"]
[BlackElo "2570"]
[PlyCount "122"]
[EventDate "1987.??.??"]
[Source "ChessBase"]
[SourceDate "1987.01.01"]

1. e4 e5 2. Nf3 Nc6 3. Bb5 a6 4. Ba4 Nf6 5. O-O Be7 6. Re1 b5 7. Bb3 d6 8. c3 O-O 9. h3 Na5 10. Bc2 c5 11. d4 Nc6 12. d5 Na5 13. Nbd2 g6 14. Nf1 Nh5 15. b4 cxb4 16. cxb4 Nc4 17. N1d2 Bd7 18. Nxc4 bxc4 19. a4 Qc7 20. Re3 Rab8 21. Bd2 Rfc8 22. Rc1 Qd8 23. Bb1 Nf4 24. Ne1 Bg5 25. Ra3 Nh5 26. Ba2 Bxd2 27. Qxd2 Qb6 28. Nc2 Nf4 29. a5 Qd8 30. Kh2 c3 31. Qe3 Bb5 32. g3 Nd3 33. Rd1 Nb2 34. Rc1 Nd3 35. Rd1 Nb2 36. Rc1 Bc4 37. Ne1 Bxa2 38. Rxa2 Nc4 39. Qe2 Nd2 40. Nf3 Nb3 41. Rcc2 Rxb4 42. Qe3 Nd4 43. Rc1 Rbc4 44. Kg2 Qc7 45. h4 h5 46. Nxd4 exd4 47. Qd3 Qd7 48. Rac2 Qb5 49. Qf3 Re8 50. Rd1 Qa4 51. Qd3 Rb4 52. g4 Qd7 53. f3 hxg4 54. h5 gxh5 55. Rh1 Qb5 56. Qd1 Rb2 57. Rxb2 Qxb2+ 58. Kg3 c2 59. Qd2 d3 60. fxg4 Qe5+ 61. Kf2 Qxe4 0-1

[Event "ch-Euro Blitz"]
[Site "Ajaccio FRA"]
[Date "2007.10.26"]
[Round "24"]
[White "Guliyev, N."]
[Black "Fressinet, L."]
[Result "0-1"]
[WhiteElo "2560"]
[BlackElo "2654"]
[PlyCount "72"]
[EventDate "2007.10.25"]
[Source "www.chesslib.no"]
[SourceDate "2004.05.04"]

1. e4 e5 2. Nf3 Nc6 3. Bb5 a6 4. Ba4 Nf6 5. O-O Be7 6. Re1 b5 7. Bb3 d6 8. c3 O-O 9. h3 Na5 10. Bc2 d5 11. exd5 e4 12. Ng5 Nxd5 13. Nxe4 f5 14. Ng3 f4 15. Ne4 f3 16. d4 fxg2 17. Qh5 g6 18. Qh6 Rf5 19. Ng3 Bf8 20. Qd2 Rf7 21. b3 Nf4 22. Ne4 Nxh3+ 23. Kxg2 Qd7 24. Qe3 Bb7 25. f3 Nf4+ 26. Kg1 Qh3 27. Qf2 Qh5 28. Bxf4 Rxf4 29. Nbd2 Bg7 30. Qg3 Raf8 31. Kg2 Qd5 32. Ng5 b4 33. Ne6 Rxf3 34. Nxf3 Rxf3 35. Qh4 Rg3+ 36. Kxg3 Qf3+ 0-1

[Event "Karditsa"]
[Site "Karditsa"]
[Date "1996.??.??"]
[Round "3"]
[White "Kotronias, Vasilios"]
[Black "Graf, Alexander"]
[Result "1/2-1/2"]
[WhiteElo "2610"]
[BlackElo "2595"]
[PlyCount "93"]
[EventDate "1996.03.??"]
[Source "ChessBase"]

1. e4 e5 2. Nf3 Nc6 3. Bb5 a6 4. Ba4 Nf6 5. O-O Be7 6. Re1 b5 7. Bb3 d6 8. c3 O-O 9. h3 Na5 10. Bc2 c5 11. d4 Nd7 12. Nbd2 exd4 13. cxd4 Nc6 14. dxc5 dxc5 15. e5 c4 16. b3 Nc5 17. bxc4 Be6 18. Ba3 bxc4 19. Re3 Rb8 20. Qe2 Nb4 21. Bxb4 Rxb4 22. a3 Rb7 23. Nxc4 Rd7 24. Rc1 g6 25. Rc3 Bd5 26. Ne3 Bb7 27. Ng4 Ne6 28. Be4 h5 29. Nf6+ Bxf6 30. Bxb7 Rxb7 31. exf6 Qxf6 32. Qxa6 Rb2 33. Rc8 Rxc8 34. Qxc8+ Kg7 35. Qc3 Qxc3 36. Rxc3 Rb1+ 37. Kh2 Rb2 38. Kg3 g5 39. h4 g4 40. Ne5 Nd4 41. Nd3 Ne2+ 42. Kh2 Rd2 43. Rb3 Nd4 44. Rc3 Ne2 45. Rb3 Nd4 46. Rc3 Ne2 47. Rb3 1/2-1/2

[Event "96 Open"]
[Site "Ikaros '96 op"]
[Date "1996.??.??"]
[Round "?"]
[White "Kotronias, Vasilios"]
[Black "Graf, Alexander"]
[Result "1-0"]
[WhiteElo "2610"]
[BlackElo "2595"]
[PlyCount "103"]
[EventDate "1996.??.??"]
[Source "www.chesslib.no"]
[SourceDate "2004.05.04"]

1. e4 e5 2. Nf3 Nc6 3. Bb5 a6 4. Ba4 Nf6 5. O-O Be7 6. Re1 b5 7. Bb3 d6 8. c3 O-O 9. h3 Na5 10. Bc2 c5 11. d4 Nd7 12. Nbd2 exd4 13. cxd4 Nc6 14. d5 Nce5 15. Nh2 Ng6 16. a4 Rb8 17. Ng4 Bg5 18. axb5 axb5 19. b4 c4 20. Bb2 Nde5 21. Nxe5 Nxe5 22. Nf3 Bf6 23. Nd4 Qb6 24. Ra5 Nd3 25. Rxb5 Qxb5 26. Nxb5 Nxb2 27. Qb1 Rxb5 28. e5 Bxe5 29. Rxe5 dxe5 30. Qxb2 Rxd5 31. b5 Bd7 32. b6 Rb5 33. Qa3 Rxb6 34. Bxh7+ Kxh7 35. Qxf8 c3 36. Qa3 Rc6 37. Qc1 c2 38. g4 Rc3 39. Kh2 Bc6 40. h4 Be4 41. h5 f6 42. f4 exf4 43. Qxf4 f5 44. Qg5 fxg4 45. Qxg4 Bd3 46. h6 Bg6 47. Qd7 Kxh6 48. Qd2+ Kh5 49. Qxc3 Bf5 50. Kg3 g5 51. Qc6 Bg6 52. Qh1# 1-0

[Event "Carlos Torre (17eme memorial)"]
[Site "?"]
[Date "2004.12.18"]
[Round "10.1"]
[White "Sulskis Sarunas"]
[Black "Graf Alexander"]
[Result "0-1"]
[WhiteElo "2555"]
[BlackElo "2646"]
[PlyCount "122"]
[EventDate "2004.??.??"]
[Source "www.chesslib.no"]
[SourceDate "2004.05.04"]

1. e4 e5 2. Nf3 Nc6 3. Bb5 a6 4. Ba4 Nf6 5. O-O Be7 6. Re1 b5 7. Bb3 d6 8. c3 O-O 9. h3 Na5 10. Bc2 c5 11. d4 Nd7 12. dxc5 dxc5 13. Nbd2 Re8 14. Nf1 Nc4 15. Qe2 Bb7 16. b3 Nd6 17. c4 Qb6 18. Bd3 Bf8 19. N3d2 g6 20. Ne3 Bg7 21. a4 b4 22. Nd5 Qd8 23. Nf3 Nf8 24. a5 Bc6 25. Ra2 Nb7 26. Bg5 Qd6 27. Qd2 Ne6 28. Bh6 Rab8 29. Nh2 Nd4 30. Bxg7 Kxg7 31. Ng4 Bxd5 32. cxd5 h5 33. Qh6+ Kg8 34. Ne3 Qf6 35. Nf5 Nxb3 36. Bxa6 Nd6 37. Nxd6 Qxd6 38. Bc4 Nd4 39. Qd2 b3 40. Rb2 Rb4 41. Qd3 Qc7 42. Ra1 Reb8 43. a6 Qd7 44. Kh2 Ra4 45. Rxa4 Qxa4 46. d6 Kg7 47. Bxb3 Nxb3 48. Qd5 c4 49. Qxe5+ Kg8 50. d7 Rd8 51. a7 Qxd7 52. Ra2 Qb7 53. Qd5 Qxd5 54. exd5 Ra8 55. d6 Nc5 56. Ra5 Ne6 57. f4 c3 58. f5 gxf5 59. Ra3 c2 60. Rc3 Rxa7 61. Rxc2 Kg7 0-1

[Event "Moscow RUS"]
[Site "?"]
[Date "2004.02.18"]
[Round "2"]
[White "Grigoriants Sergey"]
[Black "Graf Alexander"]
[Result "0-1"]
[WhiteElo "2551"]
[BlackElo "2646"]
[PlyCount "82"]
[EventDate "2004.??.??"]
[Source "www.chesslib.no"]
[SourceDate "2004.05.04"]

1. e4 e5 2. Nf3 Nc6 3. Bb5 a6 4. Ba4 Nf6 5. O-O Be7 6. Re1 b5 7. Bb3 d6 8. c3 O-O 9. h3 Na5 10. Bc2 c5 11. d4 Nd7 12. dxc5 dxc5 13. Nbd2 Re8 14. b3 f6 15. Nf1 Nb6 16. Qe2 Be6 17. Ne3 Ra7 18. Rd1 Rd7 19. Bb2 Bf8 20. Nh2 Ree7 21. Nhf1 Rxd1 22. Rxd1 Rd7 23. Bc1 Nc6 24. Nd5 Nxd5 25. exd5 Rxd5 26. Qh5 g6 27. Bxg6 hxg6 28. Qxg6+ Bg7 29. Bh6 Qf8 30. Bxg7 Qxg7 31. Qe8+ Kh7 32. Qxe6 Rxd1 33. Qxc6 Qd7 34. Qxf6 Rxf1+ 35. Kh2 Rd1 36. Qh4+ Kg6 37. Qe4+ Qf5 38. Qc6+ Qf6 39. Qe4+ Kh6 40. Qe2 Qf4+ 41. g3 Rd2 0-1

[Event "Masters Comtois Belfort (6eme)"]
[Site "?"]
[Date "2003.12.16"]
[Round "2"]
[White "Hamdouchi Hicham"]
[Black "Bauer Christian"]
[Result "1/2-1/2"]
[WhiteElo "2588"]
[BlackElo "2602"]
[PlyCount "127"]
[EventDate "2003.??.??"]
[Source "www.chesslib.no"]
[SourceDate "2004.05.04"]

1. e4 e5 2. Nf3 Nc6 3. Bb5 a6 4. Ba4 Nf6 5. O-O Be7 6. Re1 b5 7. Bb3 d6 8. c3 O-O 9. h3 Na5 10. Bc2 c5 11. d3 Nc6 12. Nbd2 Re8 13. Nf1 Bf8 14. a4 b4 15. Bg5 Rb8 16. Bb3 Na5 17. Bd5 Be7 18. Bxf6 Bxf6 19. Ne3 Rf8 20. Nd2 g6 21. Ndc4 Kh8 22. Nxa5 Qxa5 23. Nc4 Qd8 24. a5 Bh4 25. Nb6 f5 26. Re2 Qg5 27. Nxc8 Rbxc8 28. Qd2 Qxd2 29. Rxd2 Rc7 30. Bc4 Rc6 31. Rc2 Rb8 32. g3 Bg5 33. Kg2 Kg7 34. Ra4 bxc3 35. bxc3 Rb1 36. Raa2 Bd8 37. Bd5 Rc7 38. Rcb2 Rxb2 39. Rxb2 Ra7 40. Ra2 Kf6 41. Kf3 Rc7 42. Ke2 Rc8 43. Bc4 Rb8 44. Ke3 h6 45. f4 Bc7 46. Kf3 Rb7 47. fxe5+ dxe5 48. exf5 gxf5 49. g4 Ra7 50. Ke3 Bd8 51. Ra1 Ra8 52. gxf5 Kxf5 53. Rf1+ Kg6 54. Rg1+ Kf5 55. Rf1+ Kg6 56. Bf7+ Kg7 57. Bd5 Ra7 58. Ra1 Rd7 59. Ke4 Kf6 60. Bc4 Rd6 61. Rf1+ Ke7 62. Rf7+ Ke8 63. Kxe5 Rd7 64. Rxd7 1/2-1/2